El fascismo

Kaydedildi:
Detaylı Bibliyografya
Yazar: Mandel, Ernest (autor)
Materyal Türü: Kitap
Dil:İspanyolca
Baskı/Yayın Bilgisi: Madrid Akal 2011
Edisyon:2a. ed
Seri Bilgileri:Akal Básica de Bolsillo, 242
Konular:
Etiketler: Etiketle
Etiket eklenmemiş, İlk siz ekleyin!

MARC

LEADER 00000cam a2200000 a 4500
001 UCD8741
003 CL-VaPUC
008 170519e20110000sp |||||||||||||||||spa|d
020 |a 9788446033387 
082 0 4 |a 335.6  |b MAN  |2 21 
100 |a Mandel, Ernest  |e autor  |9 592226 
245 1 3 |a El fascismo 
250 |a 2a. ed 
300 |a 73 p 
942 |c BK 
945 |d 20170519 15:42:00  |a arojas 
260 |a Madrid  |b Akal  |c 2011 
650 0 |a Fascismo  |9 255687 
650 7 |a POLITICA Y GOBIERNO SIGLO 20  |2 CL-VaPUC  |9 314300 
650 0 |a Ideologías políticas   |9 255735 
583 |a last modification  |c 20170519 15:42:00  |k Rodrigo Vera 
490 0 |a Akal Básica de Bolsillo, 242 
999 |c 368050  |d 368048 
952 |0 0  |1 0  |3 erb  |4 0  |6 335_600000000000000_MAN_2011  |7 0  |8 A  |9 483304  |a BIBEDU  |b BIBEDU  |i 5377080  |o 335.6 MAN 2011  |p 5377080  |r 2019-11-24  |w 2019-11-24  |y BK  |z Catalogado en:20170519  |k FIL